| 000 | 00442nam a2200145Ia 4500 | ||
|---|---|---|---|
| 008 | 151213s9999 xx 000 0 und d | ||
| 100 | _aInternational Accounting Stadndards | ||
| 245 |
_aInternational Financial Re-portion Standards _cInternational Accounting Stadndards |
||
| 260 |
_aLondon _bI A S B _c2008 |
||
| 300 | _a7054 p. | ||
| 650 | _aAccounting | ||
| 650 | _aI F R S | ||
| 700 | _aInternational Accounting Stadndards | ||
| 999 |
_c3738 _d3738 |
||